| 000 | 00774nam a2200157 a 4500 | ||
|---|---|---|---|
| 001 | 000029437 | ||
| 005 | 20240229073937.0 | ||
| 008 | 110415s1959 dr 000 0 spa d | ||
| 040 |
_aDO-SdBNP _bspa _cBNPHU |
||
| 082 |
_axxx _bT866d |
||
| 100 | 1 |
_aTrujillo Molina, Rafael Leónidas, _d 1891-1961 _b1891-1961 _976764 |
|
| 245 | 1 | 0 |
_aDiscurso pronunciado en San Juan de la Maguana el día 22 de diciembre de 1959 por el generalísimo doctor Rafael Leonidas Trujillo Molina, benefactor de la patria y padre de la patria nueva, en ocasión de las grandes festividades del 104. aniversario de la Batalla de Santomé. / _cRafael Leonidas Trujillo Molina. |
| 260 |
_aCiudad Trujillo, República Dominicana : _bEditora del Caribe, _c1959. |
||
| 300 |
_a13 p. : _b24 cm. |
||
| 049 | _aBNPD | ||
| 999 |
_c28929 _d28929 |
||